000 00332nam a22001217a 4500
008 180518b xxu||||| |||| 00| 0 eng d
041 _aeng
080 _a043.3
100 _a0
101 _aMBE-BTH
245 _aSi ndikon inovacion në zhvillimin e ndërmarrjeve të vogla dhe të mesme në Kosovë
_cJashanica,M
942 _2udc
_cBK
999 _c45946
_d45946